000 00484nam a22001817a 4500
005 20260312155814.0
008 260312b |||||||| |||| 00| 0 eng d
037 _cDSWL
040 _aDSWL
_cDSWL
041 _heng
100 _aParackal, Saju
_91131889
245 _aChildren and crime
260 _aNew Delhi,
_bButterflies Publication,
_c2016
300 _a240p
700 _aRita Panicker
_91131890
942 _2CC
_cTEXL
_n0
999 _c1715269
_d1715269